000 00326 a2200145 4500
001 152913
040 _cEscola São Tomás de Aquino
240 1 0 _aO mundo é uma bola
_lpor
245 1 0 _aO mundo é uma bola
300 _a114
362 0 _a2014
440 1 _aÁtica
697 _aEducação Física / Esporte
942 _cBK
999 _c152913
_d152913